|
|
|
|
| LEADER |
00000nab a2200000 a 4500 |
| 001 |
vtls000756455 |
| 003 |
SK-MaSNL |
| 005 |
20260304103315.0 |
| 008 |
250429c2001 xo 0 slo |
| 015 |
|
|
|a SNBRB2001/05-14722
|
| 035 |
|
|
|a CLN000108242
|
| 035 |
|
|
|a urn:nbn:sk:snk-ab6x5d
|
| 035 |
|
|
|a (uuid)4809b405-6183-4490-9034-d9ec98a7dc31
|
| 035 |
|
|
|a (urnnbn)urn:nbn:sk:snk:ar-a064a6
|
| 035 |
|
|
|a (sysno)vtls000756455
|
| 040 |
|
|
|a SNKBUCL
|b slo
|c SNKBUCL
|e AACR2
|
| 041 |
0 |
|
|a slo
|
| 044 |
|
|
|a xo
|c SK
|
| 080 |
|
|
|a 612.392
|2 1997
|
| 080 |
|
|
|a 613.2
|2 1997
|
| 100 |
1 |
|
|a Cvengroš, Ján
|4 aut
|9 321026
|
| 245 |
1 |
0 |
|a Esenciálne omega-3 mastné kyseliny a ich význam vo výžive
|c Ján Cvengroš
|
| 650 |
0 |
7 |
|a omega-3 mastné kyseliny
|x výživa
|2 snkbucl
|9 1401411
|
| 650 |
0 |
7 |
|a výživa
|x omega-3 mastné kyseliny
|2 snkbucl
|9 1401412
|
| 655 |
|
7 |
|a články z novín a časopisov
|2 snkbucl
|9 267496
|
| 773 |
0 |
|
|t Výživa a zdravie
|g Roč. 46, č. 1 (2001), s. 15-17
|x 0042-9406
|
| 850 |
|
|
|a Slovenská národná knižnica
|
| 852 |
|
|
|a Slovenská národná knižnica
|
| 954 |
|
|
|a odborná, vedecká literatúra pôvodná (slovenská)
|2 lita
|
| 958 |
|
|
|a article27
|
| 958 |
|
|
|a MI
|
| 958 |
|
|
|a OND
|
| 958 |
|
|
|a EUIPO
|
| 992 |
|
|
|a RBX
|
| 999 |
|
|
|c 2848625
|d 2850555
|